000 03690cam a2200529 i 4500
003 PE-LiUPU
005 20250731172850.0
008 130131s2013 vtu b 001 0 eng
020 _a1580236901
020 _a9781580236904
035 _a(Sirsi) i9781580236904
040 _aDLC
_beng
_erda
_cDLC
_dYDXCP
_dBTCTA
_dOCLCO
_dABG
_dBWX
_dOCLCF
_dOCLCQ
_dCHVBK
049 _aPRUA
082 0 0 _a296.336
_bG53
_223
100 1 _aGlickman, Elaine Rose,
_eautor.
245 1 4 _aThe Messiah and the Jews :
_bThree thousand years of tradition, belief, and hope /
_cRabbi Elaine Rose Glickman ; foreword by Rabbi Neil Gillman, PhD ; preface by Rabbi Judith Z. Abrams, PhD.
264 1 _aWoodstock, Vt. :
_bJewish Lights Publishing,
_c2013.
300 _axxi, 151 páginas ;
_c23 centímetros.
336 _atext
_btxt
_2rdacontent
337 _aunmediated
_bn
_2rdamedia
338 _avolume
_bnc
_2rdacarrier
504 _aBibliografía : páginas 143-147.
504 _aIndice : páginas 148-151.
505 0 _aThe Messiah is coming! Where is the Messiah now? ; When will the Messiah come? ; Can we make the Messiah come faster? ; How will the Messiah appear? ; Has the Messiah been revealed before? ; How can we recognize the true Messiah? -- The Messiah will rule over Israel. What does "Messiah" mean? ; Why must the Messiah be descended from King David? ; Why do Messianic hopes focus on Israel? ; What is the "ingathering of the exiles"? ; What is the relationship between the state of Israel and the Messiah? ; How did the Messiah become associated with supernatural elements? -- The Messiah is a warrior. What will the world be like just before the Messiah comes? ; What is apocalyptic literature? ; Against whom will the Messiah go to war? ; Who is the Messiah ben Joseph? ; Who is Hephzibah? ; How will the Messiah triumph? -- The Messiah will change everything. How will the natural world be different in the days of the Messiah? ; What will people be like in the Messianic Age? ; What will society be like in the Messianic Age? ; When the Messiah is here, how will Judaism be practiced? ; What is the resurrection of the dead? ; What is the feast of the righteous? -- The Messiah will establish God's dominion. Who is Elijah? ; What is the role of the shofar? ; Will the wicked be brought to justice in the Messianic Age? ; Will everyone be Jewish in the days of the Messiah? ; How will we relate to God in the Messianic Age? ; What is the connection between individual and communal redemption? -- The Messiah is us. Who is the "suffering servant"? ; What is the role of the Messiah in Hasidic Judaism? ; Who is Rabbi Schneerson? ; What did classical reform Judaism teach about the Messiah? ; What does modern liberal Judaism teach about the Messiah? ; Can we experience the Messiah?.
526 _aSEG42
526 _aSEG41
526 _aSEG40
526 _aSEG39
526 _aP94
526 _aP87
526 _aP86
526 _aP85
526 _aP77
526 _aP76
526 _aP35
541 _29.70,
650 0 _aera mesiánica (Judaismo)
650 0 _aMesías
_xJudaismo.
700 1 _aGillman, Rabbi Neil,
_eprologuista.
700 1 _aZ. Abrams, Rabbi Judith,
_eprologuista.
910 _jck
_bhop
_chop
_d20160607
942 _2ddc
_cBOOK
949 _a296.336 G53
_wDEWEY
_c1
_i73260
_lCCODEBUL1
_mBUL
_p29.70
_r0
_sY
_tBOOK
_u2016-6-7
_xTEOLOGIA
_PP85
_0COMPRA
_o.STAFF. Posgrado
994 _aC0
_bPEPRU
596 _a1
999 _a296.336 G53
_wDEWEY
_c9803
_i73260
_f2021-11-11
_g5
_lCCODEBUL1
_mBUL
_p29.70
_r0
_sY
_tBOOK
_u2016-6-7
_xTEOLOGIA
_PP85
_0COMPRA
_o.STAFF. Posgrado
_d9803
980 _81
_gALBERTO SANCHEZ Responsable de Automatización